A görög szigetek turisztikai vonzereje és a magyar utazók preferenciái
| Szerző: | |
|---|---|
| További közreműködők: | |
| Dokumentumtípus: | Diplomadolgozat |
| Kulcsszavak: | Görögország külföldi utazások nemzetközi turizmus turizmus utazási irodák |
| Online Access: | http://dolgozattar.uni-bge.hu/59782 |
MARC
| LEADER | 00000nta a2200000 i 4500 | ||
|---|---|---|---|
| 001 | dolg59782 | ||
| 005 | 20260409145546.0 | ||
| 008 | 260409suuuu hu om 000 hun d | ||
| 040 | |a BGE Dolgozattár Repozitórium |b hun | ||
| 041 | |a hu | ||
| 100 | 1 | |a Simon Edina Beatrix | |
| 245 | 1 | 2 | |a A görög szigetek turisztikai vonzereje és a magyar utazók preferenciái |c Simon Edina Beatrix |h [elektronikus dokumentum] |
| 520 | 3 | |a A szakdolgozatban bemutatom a görög szigetek turisztikai vonzerejét és a magyar turisták utazási preferenciáit. Kutatásom célja az volt, hogy részletes képet adjak a hazai utazási irodák görög szigetekre szóló kínálatáról, összehasonlítsam az ajánlatokat, továbbá feltérképezzem a magyar utazók motivációit és elégedettségét. A primer kutatást kérdőíves módszerrel valósítottam meg, amelyben 163 fő vett részt. A dolgozatban részletesen elemzem a válaszadók utazási szokásait, kedvelt görög szigeteit, valamint a szolgáltatásokkal kapcsolatos elvárásaikat. A szekunder kutatás keretében bemutattam a turizmus elméleti hátterét, Görögország legfontosabb jellemzőit, valamint a vonatkozó statisztikai adatokat is ábrázoltam. | |
| 695 | |a Görögország | ||
| 695 | |a külföldi utazások | ||
| 695 | |a nemzetközi turizmus | ||
| 695 | |a turizmus | ||
| 695 | |a utazási irodák | ||
| 700 | 1 | |a Szeidl Dr. Klaudia |e ths | |
| 856 | 4 | 0 | |u http://dolgozattar.uni-bge.hu/59782/1/Szakdolgozat%20-%20Simon%20Edina%20Beatrix.pdf |z Dokumentum-elérés |
| 856 | 4 | 0 | |u http://dolgozattar.uni-bge.hu/59782/2/simon_edina_beatrix_opponens_nagy_gabriella%20m%C3%A1solata.pdf |z Dokumentum-elérés |
| 856 | 4 | 0 | |u http://dolgozattar.uni-bge.hu/59782/3/simon_edina_konzulens_szeidl.pdf |z Dokumentum-elérés |